000 00341nam a2200145Ia 4500
008 130318s9999 xx 000 0 und d
020 _a8126503734
082 _a005.133JM GRA/P
100 _aGrand, Mark
245 _aPatterns in Java Vol 2
260 _bWiley
_aNew Delhi
_c2003
300 _a354
_e1 CD
650 _aJAVA
650 _aPATTERNS
999 _c759
_d759